000 00563nam a22002057a 4500
008 150923b xxu||||| |||| 00| 0 eng d
020 _a0471426385
041 0 _aeng
080 _a657
100 1 _aKieso, Donald E.
245 1 0 _aIntermediate accounting /
_cDonald E. Kieso, Jerry J. Weygandt, Terry D. Warfield.
250 _a11th ed.
260 _aNew York :
_bJ. Wiley,
_c2004.
300 _a2 v. :
_bme il.;
_c29 cm.
490 _vVolume II
650 0 _aKontabilitet
700 1 _aWeygandt, Jerry J.
700 1 _aWarfield, Terry D.
942 _2udc
_cBK
999 _c1171
_d1171